Walking Songs - Statistics

General Stats
  • This quiz has been taken 53 times
  • The average score is 7 of 18
Answer Stats
Hint Answer Lyrics % Correct
Nancy Sinatra These Boots Are Made for Walkin' You keep sayin' you've got somethin' for me Somethin' you call love but confess
83%
The Bangles Walk Like an Egyptian All the cops in the donut shop say (Whey oh whey oh, ay oh whey oh)
80%
Aerosmith / Run DMC Walk This Way So I took a big, chance
At the high school, dance
With a lady who was ready to play
76%
Johnny Cash I Walk the Line I keep a close watch on this heart of mine I keep my eyes wide open all the time
74%
Katrina and the Waves Walking on Sunshine I used to think maybe you loved me now baby I'm sure And I just cant wait till the day when you knock on my door
63%
Dionne Warwick Walk On By If you see me walking down the street And I start to cry each time we meet
59%
Lou Reed Walk on the Wild Side Holly came from Miami, F.L.A. Hitch-hiked her way across the U.S.A.
43%
The Police Walking on the Moon Giant steps are what you take ...I hope my leg don't break
41%
Dire Straits Walk of Life Here comes Johnny singing oldies, goldies "Be-Bop-A-Lula, " "Baby What I Say"
37%
The Four Seasons Walk Like a Man Oh how you tried to cut me down to size Tellin' dirty lies to my friends
30%
Ricky Nelson / Fats Domino I'm Walkin' __ _______, yes indeed I'm talking For you and me and I'm hoping That you'll come back to me
26%
The Left Banke / The Four Tops Walk Away Renee And when I see the sign that points one way. The lot we used to pass by every day
24%
Gerry & the Pacemakers You'll Never Walk Alone When you walk through a storm Hold your head up high And don't be afraid of the dark
22%
Henry Mancini Baby Elephant Walk (Instrumental about a very young pachyderm)
20%
Fats Domino Walking to New Orleans I'm going to need two pair of shoes When I get through walkin' me blues When I get back to New Orleans
20%
The Essex A Walkin' Miracle That's my baby, talkin' bout my baby, And I love him, he's _ ______ _______
15%
The Ronettes / Jay & The Americans Walking in the Rain I want him, and I need him, And someday someway woo I'll meet him
11%
Kanye West Jesus Walks That's right, put in work
Move your ass, go berserk
Eat your salad, no dessert
9%
No matching quizzes found
Score Distribution
Percent of People with Each Score
Percentile by Number Answered
Your Score History
You have not taken this quiz